3 Things: Movie Edition Quiz Stats

 Plays Quiz Updated Aug 21, 2017

Challenge
Share
Tweet
Embed
Score 0/36 Timer 06:00
1 Play Today
% Correct
Freddy Krueger
91.5%
Scar
90.2%
Pussy Galore
89.1%
The Lord of the Rings
88.5%
Apollo Creed
88.5%
Dagobah
88.3%
Tim Allen
87.8%
Timon
87.6%
Zazu
87.6%
Star Trek
87.2%
Black Widow
87.1%
Honey Ryder
85.6%
Coruscant
84.9%
Holly Goodhead
84.6%
Batman
84.4%
Wayne's World
83.8%
Kamino
83.5%
A Night at the Roxbury
82.7%
% Correct
Hawkeye
82.2%
Ivan Drago
80.7%
Inspector Clouseau
79.9%
Michael Myers
77.3%
Paul Giamatti
77.1%
Ed Asner
73.1%
Pinhead
70.4%
Clubber Lang
65.9%
Silent Rage
65.7%
Jimmy 'the Tulip' Tudeski
64.7%
Lone Wolf McQuade
64.2%
Master Sergeant Ernest G. Bilko
62.4%
Agent 47
61.1%
MacGruber
58.5%
War Machine
53.4%
The Octagon
48.5%
Navin R. Johnson
39.9%
Martin Blank
38.1%

You're not logged in!

Compare scores with friends on all Sporcle quizzes.
OR
Log In

You Might Also Like...

Show Comments

Extras

Top Quizzes Today


Score Distribution

Your Account Isn't Verified!

In order to create a playlist on Sporcle, you need to verify the email address you used during registration. Go to your Sporcle Settings to finish the process.

Report this User

Report this user for behavior that violates our Community Guidelines.

Details: